000 00629nam a2200205Ia 4500
003 GCL
008 140319s9999 xx 000 0 ara d
040 _aGCL /
_cGCL
082 0 4 _a301.21
_bا ا
100 1 _aانطوان شلحت
245 1 0 _aاسطورة التكوين الثقافة الاسرائيلية الملفقة /
_cانطوان شلحت
260 _a[S.N] :
_bرياض الريس للكتب والنشر ،
_c1991
300 _a125 ص
490 _a
650 0 4 _aالمجتمع
650 0 4 _aاسرائيل
650 0 4 _aالثقافة
650 0 4 _aاليهود فى السينما
942 _2ddc
_cBK
999 _c32359
_d32359